000 00644nam a2200265Ia 4500
005 20260121172955.0
008 008 260114s9999 xx 000 0 eng d
020 _a9783030889876
037 _aEBOOK
040 _aCRL
040 _beng
040 _cCRL
041 _2eng
041 _aeng
084 _qCRL
100 _aRob Marchant
_91095056
245 0 _aEast Africa’s Human Environment Interactions
260 _bSpringer
260 _bSpringer
260 _c2021
856 _uhttps://link.springer.com/openurl?genre=book&isbn=978-3-030-88987-6
942 _cEBOOK
999 _c1660798
_d1660798